000 00364nam a2200157Ia 4500
003 0STCL
008 150530s9999 xx 000 0 und d
040 _aSTCL
_cSTCL
100 _aAndrews thuzhath
245 _aJuridical sources of the Syro-Mlabar church
260 _c1987
546 _aEnglish
942 _2ddc
_cBK
999 _c3502
_d3502
005 20220125165334.0